| 000 | 00541nam a2200169 a 4500 | ||
|---|---|---|---|
| 005 | 20171128112709.0 | ||
| 008 | 140220b1993 ck ||||| |||| 00| 0 spa d | ||
| 041 | _aspa | ||
| 044 | _ack | ||
| 090 |
_aLB _b00311 |
||
| 110 |
_97309 _aInstituto Colombiano de Normas Técnicas y Certificación _bInstituto Colombiano de Normas Técnicas y Certificación |
||
| 245 | _aPresentación de informes científicos y técnicos | ||
| 260 |
_aBogotá _bICONTEC _c1993 |
||
| 300 | _a32 p. | ||
| 650 |
_aInvestigación científica _92634 |
||
| 942 |
_cImpreso _2z |
||
| 999 |
_c331 _d331 |
||